The funeral encyclopedia. (Record no. 8743)

000 -LEADER
fixed length control field 00561nam a2200193 a 4500
001 - CONTROL NUMBER
control field :::00006521$&:&@@
003 - CONTROL NUMBER IDENTIFIER
control field OkBaRHE
005 - DATE AND TIME OF LATEST TRANSACTION
control field 20000607103331.0
008 - FIXED-LENGTH DATA ELEMENTS--GENERAL INFORMATION
fixed length control field s1953 j 000 0 eng u
040 ## - CATALOGING SOURCE
Transcribing agency
100 1# - MAIN ENTRY--PERSONAL NAME
Personal name Wallis, Charles L.
245 14 - TITLE STATEMENT
Title The funeral encyclopedia.
260 ## - PUBLICATION, DISTRIBUTION, ETC. (IMPRINT)
Place of publication, distribution, etc New York, NY., :
Name of publisher, distributor, etc Harper & Brothers
Date of publication, distribution, etc c1953
300 ## - PHYSICAL DESCRIPTION
Extent 327 p. ;
Dimensions 25 cm.
650 ## - SUBJECT ADDED ENTRY--TOPICAL TERM
Topical term or geographic name as entry element Funeral Sermons
650 ## - SUBJECT ADDED ENTRY--TOPICAL TERM
Topical term or geographic name as entry element Funeral Service
942 ## - ADDED ENTRY ELEMENTS (KOHA)
Source of classification or shelving scheme
Koha item type Books
Copies
Shelving location Price effective from Full call number Date acquired Permanent Location Not for loan Barcode Source of classification or shelving scheme Copy number Damaged status Date last seen Lost status Withdrawn status Koha item type
General Stacks2010-04-14BV 199 .W32010-04-14RHEMA Bible Training College 6521 1 2010-04-14  Books